Rehabilitation of Historic Buildings Gulzar Mahal Bahawalpur as a Case Study (Record no. 551426)
[ view plain ]
| 000 -LEADER | |
|---|---|
| fixed length control field | 00465nam a22001577a 4500 |
| 082 ## - DEWEY DECIMAL CLASSIFICATION NUMBER | |
| Classification number | T-157 |
| 100 ## - MAIN ENTRY--PERSONAL NAME | |
| Personal name | Arslan Farooq |
| 9 (RLIN) | 48499 |
| 245 ## - TITLE STATEMENT | |
| Title | Rehabilitation of Historic Buildings Gulzar Mahal Bahawalpur as a Case Study |
| Statement of responsibility, etc. | Arslan Farooq |
| 260 ## - PUBLICATION, DISTRIBUTION, ETC. | |
| Place of publication, distribution, etc. | Risalpur |
| Name of publisher, distributor, etc. | MCE |
| 300 ## - PHYSICAL DESCRIPTION | |
| Extent | XI, 72 p.: |
| 526 ## - STUDY PROGRAM INFORMATION NOTE | |
| Program name | 0 |
| Interest level | 0 |
| Reading level | 0 |
| Title point value | T_157 |
| 650 ## - SUBJECT ADDED ENTRY--TOPICAL TERM | |
| Topical term or geographic name entry element | Master of Science in Civil Engineering |
| 650 ## - SUBJECT ADDED ENTRY--TOPICAL TERM | |
| Topical term or geographic name entry element | Thesis |
| 9 (RLIN) | 34811 |
| 700 ## - ADDED ENTRY--PERSONAL NAME | |
| Personal name | Col Dr Naseem Baig |
| 9 (RLIN) | 48500 |
| 942 ## - ADDED ENTRY ELEMENTS (KOHA) | |
| Source of classification or shelving scheme | |
| Koha item type | Book |
| Withdrawn status | Lost status | Source of classification or shelving scheme | Damaged status | Not for loan | Permanent Location | Current Location | Date acquired | Total Checkouts | Full call number | Barcode | Date last seen | Price effective from | Koha item type | Public note |
|---|---|---|---|---|---|---|---|---|---|---|---|---|---|---|
| Military College of Engineering (MCE) | Military College of Engineering (MCE) | 12/12/2014 | T-157 | MCE-T-157 | 12/12/2014 | 12/12/2014 | Book | Thesis |
